00373nam a2200145Ia 4500008004100000082001000041100003600051245001700087260000900104300000800113600003600121630001700157700003600174730001700210090711s9999 xx 000 0 und d b67972 aतिबिले अनंत aबाधा c1991 a225 aतिबिले अनंत aबाधा aतिबिले अनंत aबाधा